| 000 | 00753nam a2200241Ia 4500 | ||
|---|---|---|---|
| 003 | OSt | ||
| 005 | 20220926005650.0 | ||
| 006 | a|||||r|||| 00| 0 | ||
| 007 | ta | ||
| 008 | 220923b |||||||| |||| 00| 0 eng d | ||
| 020 |
_a9780070604308 _c633.25 |
||
| 037 |
_b1028, 16/03/2015, Pranami Book Service _cGeneral Book |
||
| 040 |
_aRTL _cRTL _beng |
||
| 041 |
_2eng _aeng |
||
| 082 | _aX65:891, P8 | ||
| 100 |
_aVERMA Jayanth Rama _9310789 |
||
| 245 | 0 | _aDerivatives and risk management | |
| 260 |
_a New Delhi _bTata McGraw Hill _c2008 |
||
| 300 |
_avarious pagination, _ccm. |
||
| 650 | _aCommerce | ||
| 942 |
_hX65:891, P8 _cGB _2CC |
||
| 999 |
_c614723 _d614723 |
||